| 000 | 00635nam a2200217 4500 | ||
|---|---|---|---|
| 003 | OSt | ||
| 005 | 20240709031331.0 | ||
| 006 | a | ||
| 008 | 240709b |||||||| |||| 00| 0 eng d | ||
| 020 | _a0071402004 | ||
| 040 |
_aDWCL-Main lib. _cOC |
||
| 082 | _aCirc. 628.742 W894w 2003 | ||
| 100 | _aWoodson, R. Dodge | ||
| 245 | _aWater wells and septic systems handbook / | ||
| 260 |
_aN. Y. : _bMcGraw-Hill, _cc2003. |
||
| 300 |
_axx, _b449 p. : ill. ; _c23 cm. |
||
| 504 | _aIncludes index. | ||
| 650 | _a1. Wells-Handbooks, manuals, etc. | ||
| 650 | _a2. Septic tanks-Handbooks, manuals, etc. | ||
| 942 |
_2ddc _n0 _cBK-CIRC _kCirc. |
||
| 999 |
_c2136 _d2136 |
||